000
00426nam a2200145Ia 4500
008
100204s9999 xx 000 0 und d
082
_b
6104
100
_a
साळगांवकर शशिकला
245
_a
काटशह
260
_b
"श्रीविद्या प्रकाशन, पुणे"
_c
1982
300
_a
152
630
_a
काटशह
730
_a
काटशह
942
_c
BOOK
999
_c
450599
_d
450596